| 000 | 00000nam##2200000za#4500 |
| 001 | 9.574501 |
| 003 | CaOODSP |
| 005 | 20210624184220 |
| 007 | cr ||||||||||| |
| 008 | 150406|2006||||xxc|||||o f|0| 0 eng|d |
| 040 | |aCaOODSP|beng |
| 043 | |an-cn--- |
| 086 | 1 |aTU3-5/06-5E-PDF |
| 110 | 2 |aTransportation Safety Board of Canada. |
| 245 | 10|aRunway overrun - collision with terrain - Orca Airways Ltd. Piper PA-31-350 Chieftain C-GNAY Powell River, British Columbia, 08 March 2006 |h[electronic resource] |
| 260 | |aGatineau - Quebec : |bTransportation Safety Board of Canada |c2007. |
| 300 | |a9p. |
| 490 | 1 |aAviation investigation report |vA06P0036 |
| 500 | |a"The Board authorized the release of this report on 04 January 2007" --p.9. |
| 590 | |a12-33-Supp|b2012-07-18 |
| 775 | 08|tSortie en bout de piste et collision avec le relief du Piper PA-31-350 Chieftain C-GNAY, exploité par Orca Airways Ltd à Powell River (Colombie-Britannique), le 8 mars 2006 |w(CaOODSP)9.604245 |
| 830 | #0|aAviation investigation report ;|vA06P0036|w(CaOODSP)9.504825 |
| 856 | 40|ahttp://publications.gc.ca|qPDF|s181 KB|uhttps://publications.gc.ca/collections/collection_2012/bst-tsb/TU3-5-06-5-eng.pdf|yA06P0036 |